000 02626cam a2200349 a 4500
999 _c816
_d816
001 16987048
003 GZU
005 20200914154813.0
008 111003s2011 enk b 001 0 eng
010 _a 2011283944
020 _a9780567136268 (hbk)
020 _a0567136264 (hbk)
020 _a9780567022165 (pbk)
020 _a0567022161 (pbk)
035 _a(OCoLC)ocn743489334
040 _aAU@
_beng
_cAU@
_dBTCTA
_dYDXCP
_dBWX
_dLNT
_dDTM
_dDLC
042 _alccopycat
050 0 0 _aBT40
_b.MAC 2011
100 1 _aMacKinnon, Donald M.
_q(Donald MacKenzie),
_d1913-1994.
_eauthor
245 1 0 _aPhilosophy and the burden of theological honesty :
_ba Donald MacKinnon reader /
_cedited by John C. McDowell ; assisted by Scott Kirkland.
260 _aLondon ;
_aNew York :
_bT & T Clark,
_cc2011.
300 _axvii, 318 p. ;
_c24 cm.
500 _aCollection of essays published elsewhere between 1941 and 1995.
504 _aIncludes bibliographical references and index.
505 0 _aEditor's introduction: Donald MacKinnon : extraordinary theologian of the ordinary -- Theology as a discipline of a modern university (1972) -- The function of philosophy in education (1941) -- Moral objections (1963) -- Kant's agnosticism (1947) -- The Christian understanding of truth (1948) -- Christian and Marxist dialectic (1953) -- Prayer worship and life (1953) -- Some reflections on secular diakonia (1966) -- Sacrament and common meal (1955) -- Moral freedom (1969) -- Ethical intuition (1956) -- Natural law (1966) -- Freedom defended (1968-9) -- Revelation and social justice (1941) -- On comprehending the threat (1989) -- Some epistemological reflections on mystical experience (1978) -- Drama and memory (1984) -- The evangelical imagination (1986) -- Intellect and imagination (1991) -- Does faith create its own objects? (1990) -- Creation : a dialogue between Anthony Flew and D.M. MacKinnon (1955) -- 'Substance' in christology : a cross-bench view (1972) -- The tomb was empty (1946) -- Son of Man : a comment (1990) -- Christology and protest (1988) -- The icon Christi and eucharistic theology (1992) -- Some reflections on Hans Urs von Balthasar's christology with special reference to Theodramatik II/2 and III (1986) -- Subjective and objective conceptions of atonement (1966) -- Teleology and redemption (1995) -- Death (1955).
600 1 0 _aMacKinnon, Donald M.
_q(Donald MacKenzie),
_d1913-1994.
650 0 _aPhilosophical theology.
700 1 _aMcDowell, John C.
_eeditor
700 1 _aKirkland, Scott.
_eeditor
906 _a7
_bcbc
_ccopycat
_d2
_encip
_f20
_gy-gencatlg
942 _2lcc
_cBK
_h40
_iMAC
_kBT